Futurama Heads in Jars Quiz Stats

 Plays Quiz Updated Jun 14, 2015

Challenge
Share
Tweet
Score 0/25 Timer 05:00
0 Plays Today
% Correct
Bill Clinton
88.1%
Conan O'Brien
76.6%
Lucy Liu
71.1%
Al Gore
60.8%
Pamela Anderson
60.5%
Snoop Dogg
60%
Penn Jillette
58.5%
Joan Rivers
57.4%
George Takei
50.7%
Beck
47.9%
Matt Groening
42.6%
Hank Aaron
41.9%
Henry Kissinger
40%
% Correct
George Foreman
39.9%
Martha Stewart
35.2%
Jimmy Carter
26.9%
Dick Clark
23.8%
Leonardo DiCaprio
20.7%
Billy Crystal
19%
Walter Cronkite
17.6%
Orson Welles
15.6%
Bob Barker
15.1%
Rich Little
10.5%
Bob Uecker
8.7%
Ron Popeil
5%

You're not logged in!

Compare scores with friends on all Sporcle quizzes.
Join for Free
OR
Log In

You Might Also Like...

Show Comments

Extras

Top Quizzes Today


Score Distribution

Your Account Isn't Verified!

In order to create a playlist on Sporcle, you need to verify the email address you used during registration. Go to your Sporcle Settings to finish the process.

Report this User

Report this user for behavior that violates our Community Guidelines.

Details: